000 00680nam a2200193 a 4500
001 000006867
005 20250609133711.0
008 090903s2004 dr a r 001 0 spa d
020 _a999349027X
040 _aDO-SdBNP
_bspa
_cBNPHU
082 _a398.961
_bF842c
245 0 0 _aFrases célebres :
_bmáximas y aforismos. /
_ccompilador Denirray Steve Peña Quiñones ; prólogo Octavio Herasme P.
260 _aSanto Domingo :
_bAsodolibro,
_c2004.
300 _a100 p. ;
_c22 cm.
650 4 _aEspañol
_xPalabras y frases
_97109
650 0 _xAforismos y apotegmas
_983268
700 1 _aPeña Quiñones, Denirray Steve,
_ecomp.
_919064
700 1 _aHerasme P., Octavio,
_epról.
_919065
999 _c6655
_d6655